[Event "9th Sunway Sitges 2022"]
[Site "Sitges ESP"]
[Date "2022.12.21"]
[Round "9.19"]
[White "Svane, Frederik"]
[Black "Moksh, Amit Doshi"]
[Result "1-0"]
[WhiteTitle "GM"]
[BlackTitle "IM"]
[WhiteElo "2568"]
[BlackElo "2414"]
[WhiteFideId "12923044"]
[BlackFideId "25064967"]
[EventDate "2022.??.??"]

1. e4 e5 2. Nf3 Nc6 3. Bc4 Bc5 4. Nc3 Nf6 5. d3 a6 6. O-O d6 7. Bg5 h6 8. Bxf6
Qxf6 9. Nd5 Qd8 10. c3 Ba7 11. a4 O-O 12. a5 Kh8 13. Ne3 Ne7 14. d4 exd4 15.
cxd4 f5 16. Qd3 c6 17. Bb3 f4 18. Nc4 Bg4 19. Bc2 d5 20. Nce5 dxe4 21. Qxe4 Bf5
22. Qe2 Bxc2 23. Qxc2 Qd5 24. Rfe1 Kg8 25. b4 Rad8 26. Rad1 Rf6 27. Nd3 Qd6 28.
Nc5 Bxc5 29. bxc5 Qc7 30. Qb3+ Nd5 31. Rb1 Rf7 32. Ne5 Re7 33. Nc4 Rde8 34. Re5
Rxe5 35. dxe5 Re7 36. h3 Kh8 37. Re1 Nf6 38. Qf3 Nd7 39. Qxf4 Nxc5 40. Qf8+ Kh7
41. e6 g6 42. Re3 Nxe6 43. Qf6 Qd7 44. Ne5 Qe8 45. Nxg6 1-0

[Event "9th Sunway Sitges 2022"]
[Site "Sitges ESP"]
[Date "2022.12.21"]
[Round "9.20"]
[White "Mathieu, Phileas"]
[Black "Sumets, Andrey"]
[Result "1/2-1/2"]
[WhiteTitle "FM"]
[BlackTitle "GM"]
[WhiteElo "2367"]
[BlackElo "2506"]
[WhiteFideId "36048410"]
[BlackFideId "14105500"]
[EventDate "2022.??.??"]

1. e4 c5 2. Nf3 Nc6 3. d4 cxd4 4. Nxd4 Nf6 5. Nc3 e5 6. Ndb5 d6 7. Bg5 a6 8. Na3
b5 9. Nd5 Be7 10. Bxf6 Bxf6 11. c3 O-O 12. Be2 Bg5 13. Bg4 Bb7 14. O-O Ne7 15.
Nxe7+ Qxe7 16. Bf3 d5 17. Re1 dxe4 18. Bxe4 Rad8 19. Qb3 Bxe4 20. Rxe4 Rd2 21.
c4 Qc5 22. Rf1 b4 23. Nc2 a5 24. a3 bxa3 25. bxa3 f5 26. Ree1 e4 27. Rd1 Rfd8
28. Rxd2 Rxd2 29. Ne3 Rd6 30. Qb8+ Rd8 31. Qb3 1/2-1/2

[Event "9th Sunway Sitges 2022"]
[Site "Sitges ESP"]
[Date "2022.12.21"]
[Round "9.21"]
[White "Nevednichy, Vladislav"]
[Black "Bilych, Olexiy"]
[Result "0-1"]
[WhiteTitle "GM"]
[BlackTitle "FM"]
[WhiteElo "2502"]
[BlackElo "2401"]
[WhiteFideId "1205730"]
[BlackFideId "14156504"]
[EventDate "2022.??.??"]

1. e4 c5 2. Nf3 Nc6 3. d4 cxd4 4. Nxd4 Nf6 5. Nc3 e5 6. Ndb5 d6 7. Bg5 a6 8. Na3
b5 9. Nd5 Be7 10. Bxf6 Bxf6 11. c3 O-O 12. Be2 g6 13. Nc2 Rb8 14. O-O Bg7 15. b4
Be6 16. Nce3 f5 17. a4 fxe4 18. axb5 axb5 19. Bg4 Bf7 20. Ra6 Nd4 21. Ra7 Kh8
22. cxd4 exd4 23. Nc2 Qg5 24. Nc7 d3 25. Ne3 Bd4 26. Ra5 Bb3 27. h4 Qxe3 28.
fxe3 Bxe3+ 29. Kh2 Bxd1 30. Rxd1 Bb6 31. Ne6 Bxa5 32. bxa5 Rf2 33. a6 h5 34. Bh3
Ra2 35. Ng5 b4 36. Nxe4 b3 37. Rxd3 b2 38. Nd2 Rxa6 39. Be6 b1=Q 40. Nxb1 Rxb1
41. Rg3 Rb4 42. Rxg6 Rxh4+ 43. Kg3 Rd4 44. Rh6+ Kg7 45. Rxh5 Ra3+ 46. Kh2 Re3
47. Bd7 Re5 48. Rh3 Rd2 49. Bg4 d5 50. Rb3 Rd4 51. Bf3 Re6 52. Kg3 Kf6 53. Rb2
Rd6 54. Kf2 Ra4 55. Ke3 Ke5 56. Rb5 Ra3+ 57. Kd2 Kd4 58. Rb4+ Kc5 59. Rb8 Rd7
60. Ke2 Kc4 61. Rc8+ Kd4 62. Rc2 Re7+ 63. Kf2 Kd3 64. Rc5 Ra2+ 65. Kg3 d4 66.
Kf4 Rf7+ 67. Kg3 Ra6 68. Rc8 Kd2 69. Kf2 d3 70. Rd8 Re7 71. Rc8 Ra3 72. g4 Ra5
73. Rd8 Rc5 74. Ra8 Kc1 75. Kg3 d2 76. Ra1+ Kb2 77. Ra6 Rc3 78. Rd6 Kc1 79. Kg2
Ree3 0-1

[Event "9th Sunway Sitges 2022"]
[Site "Sitges ESP"]
[Date "2022.12.21"]
[Round "9.22"]
[White "Gines Esteo, Pedro Antonio"]
[Black "Dalaud, Dorian"]
[Result "1-0"]
[WhiteTitle "GM"]
[BlackTitle "FM"]
[WhiteElo "2500"]
[BlackElo "2342"]
[WhiteFideId "32080190"]
[BlackFideId "36093270"]
[EventDate "2022.??.??"]

1. c4 Nf6 2. Nc3 g6 3. e4 d6 4. d4 Bg7 5. h3 e5 6. dxe5 dxe5 7. Qxd8+ Kxd8 8.
Be3 Be6 9. O-O-O+ Nfd7 10. Nf3 h6 11. h4 Nc6 12. Be2 Kc8 13. h5 g5 14. Nd5 Nf6
15. Nxf6 Bxf6 16. Nh2 Nd4 17. Bg4 Re8 18. Rd3 Bg7 19. Bxe6+ Rxe6 20. Bxd4 exd4
21. Rf3 Re7 22. Kd2 b5 23. Rc1 Rb8 24. b3 Rb6 25. cxb5 Rxb5 26. Kd3 Rbe5 27. Nf1
g4 28. Rf4 Rxh5 29. Rxg4 f5 30. Ng3 fxe4+ 31. Nxe4 Ra5 32. a4 h5 33. Rg6 Rae5
34. Nd6+ Kd8 35. Nb5 R5e6 36. Rxe6 Rxe6 37. Rxc7 Rg6 38. Rxa7 h4 39. Nxd4 Bf6
40. Ra6 Ke7 41. Nf5+ Kf7 42. Nd6+ 1-0

[Event "9th Sunway Sitges 2022"]
[Site "Sitges ESP"]
[Date "2022.12.21"]
[Round "9.23"]
[White "Sochacki, Christophe"]
[Black "Abdurakhmonov, Mukhammadali"]
[Result "1/2-1/2"]
[WhiteTitle "GM"]
[BlackTitle "IM"]
[WhiteElo "2463"]
[BlackElo "2397"]
[WhiteFideId "662569"]
[BlackFideId "14207346"]
[EventDate "2022.??.??"]

1. d4 Nf6 2. c4 e6 3. Nf3 d5 4. Nc3 c6 5. Bg5 Be7 6. e3 O-O 7. Qc2 Nbd7 8. Bd3
h6 9. Bh4 dxc4 10. Bxc4 a6 11. Rd1 Nd5 12. Bg3 b5 13. Be2 Bb7 14. O-O Rc8 15.
Ne5 Nxc3 16. bxc3 Nxe5 17. dxe5 Qc7 18. c4 Rfd8 19. Rxd8+ Qxd8 20. h4 c5 21. Rd1
Qe8 22. Qb3 b4 23. h5 Rd8 24. Bd3 a5 25. Bb1 Kf8 26. Rxd8 Qxd8 27. Qc2 Bh4 28.
Bxh4 Qxh4 29. Qd3 Qe7 30. g3 Bc6 31. Qh7 Qd7 32. Be4 Bxe4 33. Qxe4 a4 34. Qa8+
Ke7 35. Qa5 Qc6 36. Qa7+ Ke8 37. Qb8+ Ke7 38. Kf1 f6 39. Qa7+ Kf8 40. exf6 Qh1+
41. Ke2 Qxh5+ 42. g4 Qxg4+ 43. Kd2 gxf6 44. Qxc5+ Kf7 45. Qxb4 Qf3 46. Qxa4
Qxf2+ 47. Kd3 Qf5+ 48. Kc3 Qe5+ 49. Kb4 h5 50. Qd7+ Kg6 51. a4 h4 52. Qe8+ Kg7
53. Qe7+ Kg6 54. Qe8+ Kg7 55. Qe7+ Kg6 1/2-1/2

[Event "9th Sunway Sitges 2022"]
[Site "Sitges ESP"]
[Date "2022.12.21"]
[Round "9.24"]
[White "Erdogmus, Yagiz Kaan"]
[Black "Pablo Mari, Alejandro"]
[Result "1-0"]
[WhiteTitle "IM"]
[BlackTitle "FM"]
[WhiteElo "2453"]
[BlackElo "2338"]
[WhiteFideId "44599790"]
[BlackFideId "2200287"]
[EventDate "2022.12.12"]

1. e4 c5 2. Nf3 d6 3. d4 cxd4 4. Nxd4 Nf6 5. Nc3 a6 6. Bg5 e6 7. f4 Be7 8. Qf3
h6 9. Bh4 Qc7 10. O-O-O Nbd7 11. Bd3 g5 12. fxg5 Ne5 13. Qe2 Nfg4 14. Nf3 hxg5
15. Bxg5 Bxg5+ 16. Nxg5 Qc5 17. Nh3 Bd7 18. Rde1 O-O-O 19. Kb1 Rdg8 20. Qd2 Bc6
21. Bf1 Kc7 22. Nd1 Bb5 23. Bxb5 axb5 24. Ref1 Kb8 25. Nhf2 Nxh2 26. Rfg1 Nef3
27. gxf3 Rxg1 28. Rxg1 Nxf3 29. Qf4 Nxg1 30. Qg4 Rc8 31. c3 f5 32. Qxg1 fxe4 33.
Qg3 e5 34. Nxe4 Qd5 35. Ndf2 Rg8 36. Qd3 Rg1+ 37. Kc2 Qxa2 38. Qxd6+ Ka8 39.
Qf8+ Ka7 40. Qc5+ Ka6 41. Qc7 Qd5 42. Nc5+ Ka7 43. Nd7 1-0

[Event "9th Sunway Sitges 2022"]
[Site "Sitges ESP"]
[Date "2022.12.21"]
[Round "9.25"]
[White "Kaasen, Tor Fredrik"]
[Black "Bhambure, Shantanu"]
[Result "1/2-1/2"]
[WhiteTitle "IM"]
[BlackTitle "FM"]
[WhiteElo "2452"]
[BlackElo "2306"]
[WhiteFideId "1516647"]
[BlackFideId "5025931"]
[EventDate "2022.12.12"]

1. d4 Nf6 2. c4 e6 3. g3 d5 4. Bg2 dxc4 5. Nf3 Bd7 6. Nbd2 c5 7. Nxc4 Bc6 8. O-O
Be7 9. dxc5 Qxd1 10. Rxd1 Bxc5 11. Bf4 O-O 12. Rac1 Nbd7 13. Bd6 Bxd6 14. Nxd6
Rab8 15. h3 h6 16. g4 Rfd8 17. b4 Kf8 18. g5 Ne8 19. gxh6 gxh6 20. b5 Bd5 21.
Nxe8 Kxe8 22. Rd4 Rbc8 23. Ra1 Rc4 24. Rxc4 Bxc4 25. Nd4 Nf6 26. e3 Bd5 27. Rc1
Kd7 28. f3 Rc8 29. Rd1 Kc7 30. a4 Kb6 31. e4 Bc4 32. Rc1 Kc5 33. Nc2 Nd7 34. Ne3
Nb6 1/2-1/2

[Event "9th Sunway Sitges 2022"]
[Site "Sitges ESP"]
[Date "2022.12.21"]
[Round "9.26"]
[White "Van Foreest, Jorden"]
[Black "Carbonell Sancho, Marc"]
[Result "1-0"]
[WhiteTitle "GM"]
[BlackTitle "FM"]
[WhiteElo "2690"]
[BlackElo "2384"]
[WhiteFideId "1039784"]
[BlackFideId "32029969"]
[EventDate "2022.12.12"]

1. e4 e6 2. d4 d5 3. Nc3 Nf6 4. e5 Nfd7 5. f4 c5 6. Nf3 Nc6 7. Be3 Be7 8. Qd2
O-O 9. Be2 a6 10. O-O b5 11. Kh1 Qc7 12. a3 Bb7 13. Nd1 cxd4 14. Nxd4 Nxd4 15.
Bxd4 f6 16. exf6 Bxf6 17. Ne3 e5 18. fxe5 Nxe5 19. Rf5 Rad8 20. Raf1 Nc4 21. Qc3
Bxd4 22. Qxd4 Nxe3 23. Qxe3 Rxf5 24. Rxf5 Qxc2 25. Bd3 Qc8 26. Qe7 Re8 27. Qf7+
Kh8 28. Rf1 d4 29. Kg1 Ba8 30. h4 Qb8 31. Qf5 g6 32. Qf6+ Kg8 33. Bxg6 hxg6 34.
Qxg6+ Kh8 35. Rf7 Re1+ 36. Kf2 Re2+ 37. Kxe2 d3+ 38. Kd2 1-0

[Event "9th Sunway Sitges 2022"]
[Site "Sitges ESP"]
[Date "2022.12.21"]
[Round "9.27"]
[White "Kanov, Nikola"]
[Black "Kollars, Dmitrij"]
[Result "0-1"]
[WhiteTitle "FM"]
[BlackTitle "GM"]
[WhiteElo "2377"]
[BlackElo "2610"]
[WhiteFideId "2928531"]
[BlackFideId "12909572"]
[EventDate "2022.12.12"]

1. e4 e5 2. Nf3 Nc6 3. Bc4 Bc5 4. d3 Nf6 5. a4 d6 6. Be3 Bxe3 7. fxe3 O-O 8. Nc3
Ne7 9. O-O Ng6 10. a5 c6 11. Qe1 d5 12. exd5 cxd5 13. Bb3 Be6 14. d4 e4 15. Ne5
Ne7 16. a6 b6 17. h3 Ne8 18. Qe2 Nd6 19. Rf4 Ndf5 20. g4 Nh4 21. Raf1 Neg6 22.
Nxg6 hxg6 23. Qe1 g5 24. R4f2 Qd6 25. Rh2 Nf3+ 26. Rxf3 exf3 27. Qf2 f5 28. gxf5
Rxf5 29. Kf1 Re8 30. Rh1 b5 31. e4 dxe4 32. Nxe4 Qf4 0-1

[Event "9th Sunway Sitges 2022"]
[Site "Sitges ESP"]
[Date "2022.12.21"]
[Round "9.28"]
[White "Sanal, Vahap"]
[Black "Rendle, Thomas E"]
[Result "0-1"]
[WhiteTitle "GM"]
[BlackTitle "IM"]
[WhiteElo "2597"]
[BlackElo "2381"]
[WhiteFideId "6300545"]
[BlackFideId "408760"]
[EventDate "2022.12.12"]

1. e4 e6 2. d4 d5 3. Nd2 c5 4. exd5 Qxd5 5. Ngf3 cxd4 6. Bc4 Qd6 7. O-O Nf6 8.
Nb3 Nc6 9. Nbxd4 Nxd4 10. Nxd4 Be7 11. c3 O-O 12. Qf3 Qc7 13. Bb3 a5 14. a4 Bd7
15. Bc2 Nd5 16. Be4 Bc6 17. Qh3 Nf6 18. Bc2 g6 19. Bh6 Rfd8 20. Rfe1 Bd5 21. Nb5
Qc4 22. Bg5 Rd7 23. Rad1 Bc6 24. Nd4 Rad8 25. Qh4 Nd5 26. Nxc6 Qxc6 27. Rxd5
exd5 28. Rxe7 Rxe7 29. Bxe7 Re8 30. h3 Qc7 31. Bd3 Rxe7 32. g3 Qe5 33. Bf1 Kg7
34. Qg4 Re6 35. Qd1 Rd6 36. Bd3 d4 37. c4 Qh5 38. Qd2 Qf3 39. Be2 Qf5 40. Bd3
Qe5 41. Qd1 Re6 42. Kg2 h5 43. Qd2 b6 44. h4 Qd6 45. Be2 d3 46. Bxd3 Qc6+ 47.
Kh2 Qxa4 48. Bf1 Qc6 49. Qd4+ Rf6 50. f4 Qc5 51. Qc3 Qb4 52. Qe5 Qd6 53. Qc3 Kg8
54. Bh3 Qe7 55. Bg2 Re6 56. Qf3 Re3 57. Qa8+ Kg7 58. Qd5 Qf6 59. c5 bxc5 60.
Qxc5 Re2 61. Qxa5 Qc6 62. Qe5+ Rxe5 63. Bxc6 Re2+ 64. Kg1 Rxb2 65. Bd5 Rd2 66.
Bc6 Kf6 67. Be4 Ke6 68. Bb7 Kd6 69. Ba8 Kc5 70. Bb7 Kd4 71. Bc6 Ke3 72. Bb7 f6
73. Bc6 Ra2 74. Bb7 Ra5 75. Kg2 Ra2+ 76. Kg1 Ra7 77. Bc6 Rc7 78. Bd5 Rc5 79. Bb7
g5 80. fxg5 fxg5 81. hxg5 Rxg5 82. Kh2 Kf2 83. Kh3 Rxg3+ 84. Kh4 Rg7 85. Bc6 Rh7
86. Be4 Rh8 87. Bg6 Kf3 88. Bc2 Kf4 89. Bd3 Rd8 90. Bh7 Rd7 91. Bg8 Kf5 92. Bb3
Rd2 93. Bf7 Rd1 0-1

[Event "9th Sunway Sitges 2022"]
[Site "Sitges ESP"]
[Date "2022.12.21"]
[Round "9.29"]
[White "Valenzuela Gomez, Fernando"]
[Black "Cheng, Bobby"]
[Result "0-1"]
[WhiteTitle "IM"]
[BlackTitle "GM"]
[WhiteElo "2361"]
[BlackElo "2583"]
[WhiteFideId "3409392"]
[BlackFideId "4300033"]
[EventDate "2022.12.12"]

1. e4 e6 2. d4 d5 3. e5 c5 4. c3 Nc6 5. Nf3 Qb6 6. a3 c4 7. Nbd2 Na5 8. Rb1 Bd7
9. h4 h6 10. Qc2 Ne7 11. b4 cxb3 12. Nxb3 Ba4 13. Nfd2 Nec6 14. Qb2 Rc8 15. Rh3
Be7 16. Bd3 O-O 17. Qa2 Qc7 18. Nxa5 Nxa5 19. Ke2 Qxc3 20. Bb2 Qc6 21. Rc1 Qb6
22. Rc3 Bb5 23. Qb1 Bxd3+ 24. Rcxd3 Rc6 25. Rhg3 Rfc8 26. Kd1 Qb5 27. Rdf3 Bf8
28. Rd3 Rb6 29. Nb3 Nxb3 0-1

[Event "9th Sunway Sitges 2022"]
[Site "Sitges ESP"]
[Date "2022.12.21"]
[Round "9.30"]
[White "Akbas, Umut Ata"]
[Black "Samant, Aditya S"]
[Result "1/2-1/2"]
[WhiteTitle "FM"]
[BlackTitle "IM"]
[WhiteElo "2351"]
[BlackElo "2470"]
[WhiteFideId "44572646"]
[BlackFideId "35080580"]
[EventDate "2022.12.12"]

1. d4 Nf6 2. c4 e6 3. g3 Bb4+ 4. Bd2 a5 5. Bg2 d5 6. Qc2 O-O 7. Nf3 c5 8. cxd5
cxd4 9. Nxd4 Qb6 10. Nf3 exd5 11. O-O Nc6 12. Nc3 Re8 13. Bg5 Bxc3 14. bxc3 Ne4
15. Be3 Qa6 16. Rfc1 Bf5 17. Qd3 Qxd3 18. exd3 Nf6 19. Ne1 Ng4 20. Bb6 Nf6 21.
Be3 Ng4 22. Bc5 Rad8 23. Rab1 Rd7 24. h3 Nge5 25. Rd1 h5 26. Rb5 a4 27. Bf1 g5 1/2-1/2

[Event "9th Sunway Sitges 2022"]
[Site "Sitges ESP"]
[Date "2022.12.21"]
[Round "9.31"]
[White "Wadsworth, Matthew J"]
[Black "Song, Julien"]
[Result "1-0"]
[WhiteTitle "IM"]
[BlackTitle "IM"]
[WhiteElo "2470"]
[BlackElo "2369"]
[WhiteFideId "415804"]
[BlackFideId "659487"]
[EventDate "2022.12.12"]

1. c4 e6 2. g3 d5 3. Bg2 Nf6 4. Nf3 Be7 5. O-O O-O 6. b3 d4 7. e3 c5 8. Ne5 Qc7
9. f4 Nfd7 10. Nd3 Nc6 11. Bb2 b6 12. Na3 a6 13. exd4 cxd4 14. Nb5 axb5 15. cxb5
Bb7 16. bxc6 Bxc6 17. Rc1 Nc5 18. Bxc6 Qxc6 19. b4 Qb5 20. bxc5 Qxd3 21. cxb6
Rfb8 22. Rf3 Qe4 23. Rb3 d3 24. Be5 Rb7 25. Qf1 f6 26. Bc7 Rxa2 27. Rxd3 Rb2 28.
f5 Rb5 29. Rd8+ Bxd8 30. Qxb5 Be7 31. Qe8+ Bf8 32. Qxe6+ Qxe6 33. fxe6 1-0

[Event "9th Sunway Sitges 2022"]
[Site "Sitges ESP"]
[Date "2022.12.21"]
[Round "9.32"]
[White "Alexiadis, Hristos"]
[Black "Sousa, Andre Ventura"]
[Result "0-1"]
[WhiteTitle "FM"]
[BlackTitle "IM"]
[WhiteElo "2342"]
[BlackElo "2466"]
[WhiteFideId "4249623"]
[BlackFideId "1917617"]
[EventDate "2022.12.12"]

1. d4 Nf6 2. Nf3 e6 3. c4 a6 4. g3 b5 5. c5 d6 6. cxd6 cxd6 7. Bg2 Bb7 8. O-O
Be7 9. Re1 O-O 10. Qd3 Nc6 11. e4 Qb6 12. Be3 d5 13. e5 Ne4 14. Nc3 Na5 15. Rad1
Rfc8 16. h4 h6 17. Nh2 Nxc3 18. bxc3 b4 19. Qe2 bxc3 20. Qh5 c2 21. Rc1 Nc4 22.
Bxh6 gxh6 23. Ng4 Kf8 24. Nxh6 Ke8 25. Qxf7+ Kd7 26. Ng4 Rf8 27. Nf6+ Kd8 28.
Qg7 Qxd4 29. Rxc2 Nxe5 30. Rc7 Bxf6 31. Qxf8+ Kxc7 32. Qxf6 Kd6 33. Bh3 Re8 34.
h5 Qc3 35. Re3 Qa1+ 36. Bf1 Bc6 37. Qf4 Bb5 38. Qb4+ Kd7 39. Rxe5 Qxf1+ 40. Kh2
Qxf2+ 41. Kh1 Bc6 0-1

[Event "9th Sunway Sitges 2022"]
[Site "Sitges ESP"]
[Date "2022.12.21"]
[Round "9.33"]
[White "Ilamparthi, A R"]
[Black "Ayats Llobera, Gerard"]
[Result "1-0"]
[BlackTitle "IM"]
[WhiteElo "2336"]
[BlackElo "2464"]
[WhiteFideId "45015775"]
[BlackFideId "32067607"]
[EventDate "2022.12.12"]

1. Nf3 Nf6 2. g3 g6 3. Bg2 Bg7 4. O-O O-O 5. c4 d6 6. Nc3 e5 7. d3 h6 8. Rb1 Be6
9. b4 Qc8 10. Re1 Bh3 11. Bh1 Re8 12. Nd2 Nbd7 13. b5 h5 14. Nde4 Nh7 15. Nd5 h4
16. a4 hxg3 17. hxg3 Be6 18. Nec3 Nc5 19. a5 c6 20. Nb4 Bd7 21. a6 cxb5 22. Nxb5
Bxb5 23. axb7 Nxb7 24. cxb5 Nf6 25. Bg5 Nd7 26. Nd5 f6 27. Qb3 Kf8 28. Bd2 Ndc5
29. Qa3 Qd7 30. Rec1 Rec8 31. b6 a6 32. Nc7 Rab8 33. Nxa6 Nxa6 34. Qxa6 Nc5 35.
Qa7 Ke7 36. Bc6 Rxc6 37. Qxb8 Qh3 38. b7 1-0

[Event "9th Sunway Sitges 2022"]
[Site "Sitges ESP"]
[Date "2022.12.21"]
[Round "9.34"]
[White "Firat, Burak"]
[Black "Injac, Teodora"]
[Result "1/2-1/2"]
[WhiteTitle "GM"]
[BlackTitle "WGM"]
[WhiteElo "2460"]
[BlackElo "2365"]
[WhiteFideId "6305881"]
[BlackFideId "932400"]
[EventDate "2022.12.12"]

1. Nf3 d5 2. g3 g6 3. c4 dxc4 4. Qa4+ Nc6 5. Qxc4 Bg7 6. Bg2 e5 7. Nc3 Nge7 8.
d3 Be6 9. Qa4 h6 10. O-O O-O 11. Nd2 Bd7 12. Qd1 Qc8 13. Re1 Bh3 14. Bh1 Qe6 15.
Rb1 a5 16. a3 Rad8 17. b4 axb4 18. axb4 Qc8 19. b5 Nd4 20. Ba3 Rfe8 21. Rc1 Qb8
22. Qa4 Be6 23. e3 Ndf5 24. Qc2 Nd6 25. Nde4 b6 26. Ra1 Nb7 27. Bb4 Rc8 28. Reb1
f5 29. Bxe7 Rxe7 30. Nd2 Rd8 31. Nd5 Rxd5 32. Bxd5 Bxd5 33. e4 Be6 34. Nc4 Kh7
35. Re1 Nc5 36. Na5 bxa5 37. Qxc5 Rd7 38. Rxa5 Rxd3 1/2-1/2

[Event "9th Sunway Sitges 2022"]
[Site "Sitges ESP"]
[Date "2022.12.21"]
[Round "9.35"]
[White "Priyanka, Nutakki"]
[Black "Sardana, Rishi"]
[Result "0-1"]
[WhiteTitle "WGM"]
[BlackTitle "IM"]
[WhiteElo "2316"]
[BlackElo "2460"]
[WhiteFideId "25049615"]
[BlackFideId "25004301"]
[EventDate "2022.12.12"]

1. d4 Nf6 2. c4 e6 3. Nf3 d5 4. Nc3 dxc4 5. e4 b5 6. e5 Nd5 7. Nxb5 Nb6 8. Be2
Nc6 9. O-O Be7 10. Qd2 Qd7 11. Qf4 Bb7 12. Rd1 g5 13. Nxg5 Bxg5 14. Qxg5 Ne7 15.
d5 Nbxd5 16. a4 Rg8 17. Qh4 a6 18. Nd4 Ng6 19. Qe4 c5 20. Nf3 Nc3 21. Qc2 Nxd1
22. Bg5 Nxf2 23. Kxf2 Bxf3 24. Bxf3 Nxe5 25. Rd1 Nd3+ 26. Kf1 Rxg5 27. Bxa8 Qd4
28. b3 Rf5+ 29. Bf3 e5 30. bxc4 e4 31. a5 Kf8 32. Qd2 Rf6 33. Qc2 Qe3 34. Qd2
Qxd2 35. Rxd2 Nb4 0-1

[Event "9th Sunway Sitges 2022"]
[Site "Sitges ESP"]
[Date "2022.12.21"]
[Round "9.36"]
[White "Atanasov, Anthony"]
[Black "Raja, Rithvik R"]
[Result "0-1"]
[WhiteTitle "FM"]
[BlackTitle "GM"]
[WhiteElo "2251"]
[BlackElo "2453"]
[WhiteFideId "2623897"]
[BlackFideId "35007394"]
[EventDate "2022.12.12"]

1. d4 Nf6 2. Nf3 d5 3. a3 e6 4. Bf4 c5 5. e3 Nc6 6. h3 a6 7. Be2 Bd6 8. dxc5
Bxc5 9. b4 Ba7 10. c4 O-O 11. O-O Qe7 12. Nc3 Rd8 13. cxd5 exd5 14. b5 d4 15.
bxc6 dxc3 16. Qb3 bxc6 17. Ne5 Be6 18. Qxc3 Nd5 19. Qc2 Nxf4 20. exf4 Bd5 21.
Bc4 Qf6 22. Rad1 g6 23. Bxd5 cxd5 24. Qc6 Qxf4 25. Rxd5 Rdc8 26. Qd7 Bxf2+ 27.
Kh1 Rc2 28. Nc6 Qa4 29. Ne7+ Kg7 30. Rdd1 Qe4 31. Nd5 Ra7 32. Nf6 Rxd7 33. Nxe4
Rxd1 34. Rxd1 Be3 35. Kh2 Rc4 36. Nd6 Ra4 37. g3 Rxa3 38. Kg2 Ra2+ 39. Kf3 Rd2
40. Ne8+ Kf8 41. Rb1 Kxe8 42. Kxe3 Rd5 43. Rb7 Kf8 44. Ke4 Rb5 45. Ra7 a5 46. g4
h5 47. Kf4 Kg7 48. Ra6 Rb4+ 49. Kg5 hxg4 50. hxg4 f6+ 51. Kh4 f5 52. Rxa5 Rxg4+
53. Kh3 Kf6 54. Ra8 Kg5 55. Rb8 Re4 56. Kg3 Re3+ 57. Kf2 Ra3 58. Rb6 f4 59. Rc6
Kf5 60. Rb6 g5 61. Rb2 Kg4 62. Kg2 Rg3+ 63. Kf2 Rh3 64. Kg2 Ra3 65. Rc2 Ra5 66.
Rf2 f3+ 67. Kh2 Re5 0-1

[Event "9th Sunway Sitges 2022"]
[Site "Sitges ESP"]
[Date "2022.12.21"]
[Round "9.37"]
[White "Sai Agni Jeevitesh, J"]
[Black "Goh, Wei Ming Kevin"]
[Result "0-1"]
[WhiteTitle "IM"]
[BlackTitle "GM"]
[WhiteElo "2226"]
[BlackElo "2452"]
[WhiteFideId "5070147"]
[BlackFideId "5800706"]
[EventDate "2022.12.12"]

1. d4 Nf6 2. Bg5 d5 3. Bxf6 gxf6 4. e3 e5 5. c4 exd4 6. Qxd4 Nc6 7. Qxd5 Qxd5 8.
cxd5 Nb4 9. Na3 a6 10. Nf3 b5 11. Be2 Bb7 12. O-O Bxd5 13. Rfc1 c5 14. b3 Rd8
15. Nc2 Nc6 16. a4 Na5 17. Nd2 Bxb3 18. axb5 Rxd2 19. bxa6 Rxe2 20. a7 Bd5 21.
Rxa5 Ba8 22. Nd4 Rb2 23. Nf5 Rg8 24. g3 Rg4 25. f4 Kd7 26. e4 Rg8 27. Ra6 Kc8
28. Rxf6 Rb7 29. Ra6 Rg6 30. Raa1 Rc6 31. Ne3 f6 32. Nd5 c4 33. Kf1 Rb3 34. Ra4
c3 35. Rc2 Ra3 36. Rxa3 Bxa3 37. Rxc3 Rxc3 38. Nxc3 Bc5 39. Nd5 f5 40. Nf6 fxe4
41. Nxh7 Bxa7 42. Ng5 Bd5 43. f5 e3 44. Ne6 Bxe6 45. fxe6 Kd8 46. Ke2 Ke7 47. h4
Kxe6 48. g4 Kf6 49. Kf3 Bd4 50. Ke2 Bc5 51. Kf3 Ke5 52. h5 Kf6 53. h6 Kg6 54. g5
Bd4 0-1

[Event "9th Sunway Sitges 2022"]
[Site "Sitges ESP"]
[Date "2022.12.21"]
[Round "9.38"]
[White "Narciso Dublan, Marc"]
[Black "Nawin, J J"]
[Result "1-0"]
[WhiteTitle "GM"]
[BlackTitle "FM"]
[WhiteElo "2448"]
[BlackElo "2351"]
[WhiteFideId "2201500"]
[BlackFideId "45031231"]
[EventDate "2022.12.12"]

1. e4 c5 2. Nc3 Nc6 3. g3 g6 4. Bg2 Bg7 5. d3 e6 6. Be3 d6 7. Qd2 Nd4 8. Nd1 h5
9. c3 Nc6 10. h3 Nge7 11. Ne2 b6 12. O-O d5 13. exd5 exd5 14. d4 c4 15. Re1 Bf5
16. b3 b5 17. f3 O-O 18. Bh6 Bxh6 19. Qxh6 cxb3 20. axb3 Bc2 21. Ne3 Bxb3 22.
Nf4 b4 23. g4 h4 24. Nf5 Nxf5 25. gxf5 Bc2 26. Nh5 1-0

[Event "9th Sunway Sitges 2022"]
[Site "Sitges ESP"]
[Date "2022.12.21"]
[Round "9.39"]
[White "Harshad, S"]
[Black "Abdisalimov, Abdimalik"]
[Result "0-1"]
[WhiteTitle "FM"]
[BlackTitle "IM"]
[WhiteElo "2202"]
[BlackElo "2447"]
[WhiteFideId "46616551"]
[BlackFideId "14206323"]
[EventDate "2022.12.12"]

1. e4 c5 2. Nf3 d6 3. d4 cxd4 4. Nxd4 Nf6 5. Nc3 a6 6. Rg1 b5 7. a4 bxa4 8. g4
Bb7 9. Rxa4 Nfd7 10. Nb3 Nc6 11. g5 e6 12. h4 Nb6 13. Ra1 d5 14. Be3 Bb4 15. Be2
O-O 16. Kf1 Qc7 17. Na4 Nc4 18. Bxc4 dxc4 19. Nbc5 Rfd8 20. Qe2 Bxc5 21. Nxc5
Nd4 22. Bxd4 Rxd4 23. c3 Rd6 24. Nxb7 Qxb7 25. Kg2 Rd3 26. Rgd1 Rad8 27. Rxd3
cxd3 28. Rd1 Qb5 29. Rd2 f5 30. Qe3 Kf7 31. f3 Rd7 32. Kg3 Qe5+ 33. Qf4 Qc5 34.
Kg2 g6 35. Rf2 Qxf2+ 36. Kxf2 d2 37. Qe5 d1=Q 38. Qf6+ Ke8 39. Qh8+ Ke7 40. Qf6+
Kd6 41. Qf8+ Kc7 42. Qc5+ Kb7 43. Qb4+ Ka8 44. Qb6 Qd6 45. Qa5 Qh2+ 46. Ke1
Qxh4+ 47. Ke2 Qh2+ 48. Ke1 Qd2+ 49. Kf1 Qc1+ 0-1

[Event "9th Sunway Sitges 2022"]
[Site "Sitges ESP"]
[Date "2022.12.21"]
[Round "9.40"]
[White "Nigmatov, Ortik"]
[Black "Sarkar, Justin"]
[Result "1-0"]
[WhiteTitle "IM"]
[BlackTitle "IM"]
[WhiteElo "2439"]
[BlackElo "2343"]
[WhiteFideId "14202131"]
[BlackFideId "2010011"]
[EventDate "2022.12.12"]

1. e4 c5 2. Nf3 d6 3. d4 cxd4 4. Nxd4 Nf6 5. Nc3 a6 6. h3 g6 7. g4 Bg7 8. Be3 h5
9. g5 Nfd7 10. Qd2 Nc6 11. O-O-O O-O 12. f4 Nxd4 13. Bxd4 b5 14. Bxg7 Kxg7 15.
Bg2 Bb7 16. Rhe1 Nb6 17. Qd4+ Kg8 18. Nd5 Bxd5 19. exd5 Rc8 20. Be4 Rc4 21. Qd3
Kg7 22. b3 Rc5 23. Qd4+ Kg8 24. Re2 Qc7 25. Kb1 a5 26. f5 gxf5 27. Bf3 a4 28. g6
fxg6 29. Re6 Kf7 30. Rde1 axb3 31. axb3 Rg8 32. Qh4 Nc8 33. Bxh5 Ke8 34. Rxg6 1-0